Statistics for Symphonic Metal Bands

Click here to take the quiz!

General Stats

  • This quiz has been taken 176 times
  • The average score is 6 of 13

Answer Stats

HintAnswer% Correct
Song: NemoNightwish
97%
Album: The Quantum EnigmaEpica
79%
Album: The Heart Of EverythingWithin Temptation
71%
Album:April RainDelain
57%
Song: Energize MeAfter Forever
52%
Song: Heaven's a LieLacuna Coil
48%
Album/Song: Ghost OperaKamelot
41%
Song: My ImmortalEvanesence
37%
Album: Gothic KabbalahTherion
36%
Song: ElegyLeaves Eyes
29%
Song: I'm Not JesusApocalyptica
27%
Song: Strange MachinesThe Gathering
19%
Album: Paradise LostSymphony X
13%

Score Distribution

Percentile by Number Answered

Percent of People with Each Score

Your Score History

You have not taken this quiz